[Event "POL-chT 2nd League"]
[Site "Jastrzebia Gora"]
[Date "2023.09.09"]
[Round "8.118"]
[White "Szmyd, Arkadiusz"]
[Black "Sasin, Michal"]
[Result "1/2-1/2"]
[WhiteElo "2053"]
[BlackElo "1804"]
[PlyCount "106"]
[EventDate "2023.09.02"]
[EventType "team-swiss"]
[EventRounds "9"]
[EventCountry "POL"]
[SourceTitle "EXT 2024"]
[Source "ChessBase"]
[SourceDate "2023.10.10"]
[SourceVersion "1"]
[SourceVersionDate "2023.10.10"]
[SourceQuality "1"]
[WhiteTeam "Zory Roszada"]
[BlackTeam "Kalisz KTS"]
[WhiteTeamCountry "POL"]
[BlackTeamCountry "POL"]

1. e4 c5 2. Nf3 d6 3. d4 cxd4 4. Nxd4 Nf6 5. Nc3 g6 6. Be3 Bg7 7. f3 0-0 8. Qd2 Nc6 9. 0-0-0 d5 10. exd5 Nxd5 11. Nxc6 bxc6 12. Bd4 e5 13. Bc5 Re8 14. Ne4 Qc7 15. g4 Be6 16. Bc4 Nf4 17. Bxe6 Nxe6 18. Qc3 Nxc5 19. Qxc5 Rad8 20. g5 Qb6 21. Qxb6 axb6 22. Rxd8 Rxd8 23. Rd1 Rxd1+ 24. Kxd1 Kf8 25. c4 Ke7 26. b4 h6 27. h4 hxg5 28. hxg5 Kd7 29. a4 Bf8 30. c5 bxc5 31. bxc5 Kc7 32. Kc2 Be7 33. Kc3 Kb7 34. Kc4 Ka6 35. Kb4 Bd8 36. Nd6 f5 37. gxf6 Bxf6 38. Ne4 Bd8 39. Nf2 Bg5 40. Nd3 Bf6 41. Kc4 g5 42. Nb4+ Kb7 43. Kd3 Be7 44. Ke4 Bxc5 45. Nd3 Be7 46. Nxe5 Kb6 47. a5+ Kb5 48. a6 Kxa6 49. Nxc6 Ba3 50. Kf5 Bc1 51. Nd4 Kb7 52. Ne6 Kc6 53. Nxg5 Kd7 1/2-1/2

[Event "POL-chT 2nd League"]
[Site "Jastrzebia Gora"]
[Date "2023.09.03"]
[Round "2.22"]
[White "Szmyd, Arkadiusz"]
[Black "Szwaj, Jacek"]
[Result "1-0"]
[WhiteElo "2053"]
[BlackElo "1886"]
[PlyCount "41"]
[EventDate "2023.09.02"]
[EventType "team-swiss"]
[EventRounds "9"]
[EventCountry "POL"]
[SourceTitle "EXT 2024"]
[Source "ChessBase"]
[SourceDate "2023.10.10"]
[SourceVersion "1"]
[SourceVersionDate "2023.10.10"]
[SourceQuality "1"]
[WhiteTeam "Zory Roszada"]
[BlackTeam "Warszawa Mogalo"]
[WhiteTeamCountry "POL"]
[BlackTeamCountry "POL"]

1. e4 d6 2. d4 Nf6 3. Nc3 Nbd7 4. f3 e5 5. Nge2 c6 6. Be3 Qc7 7. Qd2 b5 8. d5 cxd5 9. Nxb5 Qb8 10. Qa5 d4 11. Nc7+ Ke7 12. Ng3 g6 13. Bg5 Bg7 14. Nd5+ Ke8 15. Bb5 a6 16. Bxd7+ Bxd7 17. Bxf6 Qxb2 18. 0-0 Bxf6 19. Nxf6+ Ke7 20. Nxd7 Kxd7 21. Rab1 1-0

[Event "POL-chT 2nd League"]
[Site "Jastrzebia Gora"]
[Date "2023.09.02"]
[Round "1.118"]
[White "Szmyd, Arkadiusz"]
[Black "Kielbratowski, Maciej"]
[Result "1-0"]
[WhiteElo "2053"]
[BlackElo "1687"]
[PlyCount "61"]
[EventDate "2023.09.02"]
[EventType "team-swiss"]
[EventRounds "9"]
[EventCountry "POL"]
[SourceTitle "EXT 2024"]
[Source "ChessBase"]
[SourceDate "2023.10.10"]
[SourceVersion "1"]
[SourceVersionDate "2023.10.10"]
[SourceQuality "1"]
[WhiteTeam "Zory Roszada"]
[BlackTeam "Lubsko Caissa"]
[WhiteTeamCountry "POL"]
[BlackTeamCountry "POL"]

1. e4 c5 2. Nf3 g6 3. d4 Bg7 4. dxc5 Qa5+ 5. c3 Qxc5 6. Na3 Bxc3+ 7. bxc3 Qxc3+ 8. Qd2 Qxa1 9. Nb5 Na6 10. Nc3 b6 11. Nd4 Nc5 12. f3 Nf6 13. e5 Ng4 14. fxg4 Bb7 15. Nc2 Bxg2 16. Bxg2 Qxc1+ 17. Qxc1 Nd3+ 18. Kd2 Nxc1 19. Bxa8 0-0 20. Be4 Nxa2 21. Nxa2 Rc8 22. Nc3 Rc5 23. Nd5 Kg7 24. Ncb4 e6 25. Nd3 Rc4 26. Nf6 d5 27. Bf3 Ra4 28. h4 b5 29. Rc1 Ra2+ 30. Ke3 a5 31. Rc8 1-0

[Event "Titled Tuesday intern op 11th Apr Early"]
[Site "Chess.com INT"]
[Date "2023.04.11"]
[Round "3"]
[White "Szmyd, Arkadiusz"]
[Black "Gabr, Mohsen"]
[Result "1/2-1/2"]
[WhiteElo "2053"]
[BlackElo "2200"]
[PlyCount "178"]
[EventDate "2023.04.11"]
[EventType "swiss (blitz)"]
[EventRounds "11"]
[EventCountry "USA"]
[SourceTitle "CBM 213 Extra"]
[Source "ChessBase"]
[SourceDate "2023.05.31"]
[SourceVersion "1"]
[SourceVersionDate "2023.05.31"]
[SourceQuality "1"]

1. e4 c5 2. Nf3 d6 3. d4 cxd4 4. Nxd4 a6 5. c4 g6 6. Nc3 Bg7 7. Be3 Nc6 8. Be2 Nf6 9. 0-0 0-0 10. Rc1 Bd7 11. Kh1 Rc8 12. b3 Qa5 13. Qd2 Nxd4 14. Bxd4 Nxe4 15. Nxe4 Qxd2 16. Nxd2 Bxd4 17. Bf3 Bc6 18. Rfe1 Bxf3 19. Nxf3 Bf6 20. g4 e5 21. Rcd1 Be7 22. Nd2 f5 23. gxf5 gxf5 24. Nb1 b5 25. Nd2 Kf7 26. Rc1 Rg8 27. cxb5 axb5 28. Rxc8 Rxc8 29. a4 bxa4 30. bxa4 Rc2 31. Rd1 Ra2 32. Nc4 Rxa4 33. Nxd6+ Bxd6 34. Rxd6 Ra2 35. Kg2 f4 36. Kf3 Ra4 37. Rh6 Kg7 38. Re6 Ra5 39. Ke4 Ra2 40. Rxe5 Rxf2 41. Rf5 Rxh2 42. Rxf4 Kg6 43. Kf3 Ra2 44. Kg3 h5 45. Rb4 Ra5 46. Kh4 Ra6 47. Rc4 Kh6 48. Rb4 Rd6 49. Rc4 Kg6 50. Rb4 Rf6 51. Rc4 Re6 52. Rb4 Re1 53. Rb6+ Kf5 54. Rb5+ Kf4 55. Kxh5 Rh1+ 56. Kg6 Rg1+ 57. Kf6 Ra1 58. Rb4+ Ke3 59. Ke5 Kd3 60. Rd4+ Kc3 61. Rh4 Ra5+ 62. Kf4 Kd3 63. Kf3 Rf5+ 64. Rf4 Rd5 65. Rf8 Rd7 66. Rf6 Kd4 67. Rf4+ Ke5 68. Ke3 Ra7 69. Re4+ Kd5 70. Rd4+ Kc5 71. Rh4 Ra3+ 72. Kf4 Ra4+ 73. Kg5 Ra1 74. Rh5 Kd5 75. Kf6+ Kd6 76. Rf5 Re1 77. Rf2 Rg1 78. Rd2+ Kc5 79. Ke5 Kc4 80. Rd8 Re1+ 81. Kf4 Rf1+ 82. Ke3 Ra1 83. Ke4 Re1+ 84. Kf3 Kc5 85. Kf2 Re7 86. Kf3 Kc6 87. Rd1 Kc7 88. Kf4 Rd7 89. Rxd7+ Kxd7 1/2-1/2

[Event "Titled Tuesday intern op 11th Apr Early"]
[Site "Chess.com INT"]
[Date "2023.04.11"]
[Round "10"]
[White "Womacka, Mathias"]
[Black "Szmyd, Arkadiusz"]
[Result "1-0"]
[WhiteElo "2396"]
[BlackElo "2053"]
[PlyCount "67"]
[EventDate "2023.04.11"]
[EventType "swiss (blitz)"]
[EventRounds "11"]
[EventCountry "USA"]
[SourceTitle "CBM 213 Extra"]
[Source "ChessBase"]
[SourceDate "2023.05.31"]
[SourceVersion "1"]
[SourceVersionDate "2023.05.31"]
[SourceQuality "1"]

1. e4 c6 2. d4 d5 3. Nd2 dxe4 4. Nxe4 Nd7 5. Nf3 Ngf6 6. Nxf6+ Nxf6 7. Bc4 Bf5 8. Bg5 e6 9. Qe2 Be7 10. 0-0-0 0-0 11. Ne5 Nd5 12. Bd2 a5 13. g4 Bg6 14. h4 Bxh4 15. f4 Bg3 16. Qf3 Bxf4 17. Bxf4 Nxf4 18. Qxf4 Qf6 19. Qxf6 gxf6 20. Nd7 Rfd8 21. Nxf6+ Kg7 22. Nh5+ Kf8 23. Nf4 Ke7 24. Nxg6+ hxg6 25. Rh7 Rh8 26. Rdh1 Rxh7 27. Rxh7 Rd8 28. c3 b5 29. Be2 Rc8 30. Kc2 Kf6 31. g5+ Ke7 32. Bd3 Rg8 33. Be4 c5 34. dxc5 1-0

[Event "Titled Tuesday intern op 04th Apr Late"]
[Site "Chess.com INT"]
[Date "2023.04.04"]
[Round "7"]
[White "Szmyd, Arkadiusz"]
[Black "Andreassen, Lars"]
[Result "1-0"]
[WhiteElo "2053"]
[BlackElo "2168"]
[PlyCount "97"]
[EventDate "2023.04.04"]
[EventType "swiss (blitz)"]
[EventRounds "11"]
[EventCountry "USA"]
[SourceTitle "EXT 2024"]
[Source "ChessBase"]
[SourceDate "2023.10.10"]
[SourceVersion "1"]
[SourceVersionDate "2023.10.10"]
[SourceQuality "1"]

1. e4 d6 2. d4 Nf6 3. Nc3 e5 4. Nf3 Nbd7 5. Bg5 Be7 6. Bc4 0-0 7. 0-0 a6 8. a4 b6 9. dxe5 dxe5 10. Qe2 h6 11. Bxf6 Bxf6 12. Bd5 Ra7 13. Rad1 Qe7 14. Bc6 Nc5 15. b4 Ne6 16. Nd5 Qd8 17. Nxb6 cxb6 18. Rxd8 Rxd8 19. Bd5 Nf4 20. Qc4 b5 21. axb5 axb5 22. Qb3 Bg4 23. Re1 Rad7 24. c4 bxc4 25. Qxc4 Nxd5 26. exd5 Rxd5 27. h3 Bxf3 28. gxf3 Rd2 29. Re2 R2d4 30. Qb3 Rb8 31. b5 Rd6 32. Re1 Rdb6 33. Rb1 Rxb5 34. Qxb5 Rxb5 35. Rxb5 h5 36. Kf1 Kh7 37. Ke2 Kg6 38. Ke3 Kf5 39. Rb7 Ke6 40. Ke4 Bg5 41. Rb6+ Ke7 42. Kxe5 g6 43. f4 Bh4 44. f3 Bg3 45. Ke4 Bh2 46. f5 g5 47. f6+ Kd7 48. Kf5 Bf4 49. Rb7+ 1-0

[Event "Titled Tuesday intern op 04th Apr Late"]
[Site "Chess.com INT"]
[Date "2023.04.04"]
[Round "3"]
[White "Szmyd, Arkadiusz"]
[Black "Cattaneo, Marco"]
[Result "0-1"]
[WhiteElo "2053"]
[BlackElo "2251"]
[PlyCount "124"]
[EventDate "2023.04.04"]
[EventType "swiss (blitz)"]
[EventRounds "11"]
[EventCountry "USA"]
[SourceTitle "EXT 2024"]
[Source "ChessBase"]
[SourceDate "2023.10.10"]
[SourceVersion "1"]
[SourceVersionDate "2023.10.10"]
[SourceQuality "1"]

1. e4 c6 2. d4 d5 3. Nc3 dxe4 4. Nxe4 Bf5 5. Ng3 Bg6 6. h4 h6 7. Nf3 Nd7 8. h5 Bh7 9. Bd3 Bxd3 10. Qxd3 e6 11. Bf4 Qa5+ 12. Bd2 Bb4 13. c3 Be7 14. c4 Qc7 15. 0-0-0 Ngf6 16. Kb1 b5 17. Ne4 Nxe4 18. Qxe4 bxc4 19. Rc1 Nf6 20. Qe2 0-0 21. Qxc4 Rfc8 22. Ne5 Nd5 23. g4 c5 24. f4 cxd4 25. Qxc7 Rxc7 26. Rxc7 Nxc7 27. Rc1 Nd5 28. Rc4 Rb8 29. Rxd4 Bc5 30. Rc4 Bd6 31. a3 Rb7 32. Kc2 Bc7 33. b4 Nf6 34. a4 Nd5 35. b5 f6 36. Ng6 Kf7 37. Re4 Bd6 38. Rc4 Nb6 39. Rd4 Bc5 40. Re4 Rd7 41. Bc3 Nd5 42. a5 Rc7 43. Kb3 Bd6 44. Bd2 Rb7 45. Ka4 Rc7 46. Be3 Nxe3 47. Rxe3 Bxf4 48. Re4 Bd6 49. b6 axb6 50. axb6 Rc8 51. Kb5 e5 52. Ra4 Ke6 53. Ra7 e4 54. Rxg7 e3 55. b7 Rb8 56. Kc6 e2 57. Re7+ Bxe7 58. Nf4+ Ke5 59. Nxe2 f5 60. gxf5 Kxf5 61. Nd4+ Kg5 62. Kc7 Bd6+ 0-1

[Event "Titled Tuesday intern op 04th Apr Late"]
[Site "Chess.com INT"]
[Date "2023.04.04"]
[Round "4"]
[White "Szmyd, Arkadiusz"]
[Black "Gallasch, Jonas"]
[Result "0-1"]
[WhiteElo "2053"]
[BlackElo "2301"]
[PlyCount "118"]
[EventDate "2023.04.04"]
[EventType "swiss (blitz)"]
[EventRounds "11"]
[EventCountry "USA"]
[SourceTitle "EXT 2024"]
[Source "ChessBase"]
[SourceDate "2023.10.10"]
[SourceVersion "1"]
[SourceVersionDate "2023.10.10"]
[SourceQuality "1"]

1. e4 c6 2. d4 d5 3. Nc3 dxe4 4. Nxe4 Nf6 5. Nxf6+ exf6 6. Nf3 Bd6 7. Bd3 Be6 8. 0-0 Nd7 9. b3 h5 10. Bb2 h4 11. c4 h3 12. g3 Qa5 13. Re1 0-0 14. Bf1 Bg4 15. Qd3 Rfe8 16. Bc3 Qh5 17. Nd2 Bf5 18. Qf3 Bg4 19. Qd3 Nf8 20. Re3 Rxe3 21. Qxe3 Bd7 22. Qf3 Qxf3 23. Nxf3 a5 24. a4 b6 25. Re1 Ne6 26. Bxh3 Nxd4 27. Nxd4 Bxh3 28. Nxc6 Kf8 29. Nd4 Rd8 30. Rd1 Be7 31. Rd2 Ke8 32. Ne2 Rxd2 33. Bxd2 Bg4 34. Nc3 Bb4 35. Ne4 Bxd2 36. Nxd2 Kd7 37. f3 Bf5 38. Kf2 Kc6 39. Ke3 Kc5 40. Ne4+ Kb4 41. Kd4 Bxe4 42. fxe4 Kxb3 43. c5 bxc5+ 44. Kxc5 Kxa4 45. Kc4 Ka3 46. Kc3 a4 47. g4 g5 48. h3 Ka2 49. Kc2 a3 50. Kc1 Kb3 51. Kb1 Kc4 52. Ka2 Kd4 53. Kxa3 Kxe4 54. Kb3 Kf4 55. Kc4 Kg3 56. Kd4 Kxh3 57. Ke4 Kxg4 58. Ke3 f5 59. Kf2 f4 0-1

[Event "Titled Tuesday intern op 28th Mar Early"]
[Site "Chess.com INT"]
[Date "2023.03.28"]
[Round "4"]
[White "Amilal, Munkhdalai"]
[Black "Szmyd, Arkadiusz"]
[Result "1-0"]
[WhiteElo "2141"]
[BlackElo "2059"]
[PlyCount "143"]
[EventDate "2023.03.28"]
[EventType "swiss (blitz)"]
[EventRounds "11"]
[EventCountry "USA"]
[SourceTitle "EXT 2024"]
[Source "ChessBase"]
[SourceDate "2023.10.10"]
[SourceVersion "1"]
[SourceVersionDate "2023.10.10"]
[SourceQuality "1"]

1. e4 c6 2. Nc3 d5 3. Nf3 Bg4 4. h3 Bxf3 5. Qxf3 e6 6. d3 Nf6 7. a3 Be7 8. g4 0-0 9. g5 Nfd7 10. h4 f5 11. Qh3 fxe4 12. dxe4 Bc5 13. f4 Qe7 14. Bd3 Bd4 15. Ne2 Bb6 16. e5 Nc5 17. Bd2 Nbd7 18. 0-0-0 Nxd3+ 19. cxd3 Nc5 20. Bb4 a5 21. Bxc5 Bxc5 22. d4 Ba7 23. Rhf1 c5 24. f5 exf5 25. Rxf5 cxd4 26. Kb1 Rae8 27. Nxd4 Rxf5 28. Qxf5 Qxe5 29. Qxe5 Rxe5 30. Nb5 Bf2 31. Nd6 Bxh4 32. Rc1 Kf8 33. Rc8+ Ke7 34. Nxb7 Bxg5 35. Nxa5 h5 36. Nc6+ Kd6 37. Nxe5 Kxe5 38. a4 h4 39. Rh8 Bh6 40. a5 h3 41. a6 h2 42. Re8+ Kd6 43. Re1 Kc6 44. b4 Bf4 45. b5+ Kb6 46. Kc2 g5 47. Re6+ Ka7 48. Re7+ Kb6 49. Rb7+ Kc5 50. Rc7+ Kb6 51. Rb7+ Kc5 52. Rh7 Kb6 53. a7 h1Q 54. a8N+ Kxb5 55. Rxh1 Kc4 56. Nb6+ Kc5 57. Nd7+ Kd4 58. Nf6 Ke3 59. Ng4+ Kf3 60. Nf6 Kg2 61. Rh7 d4 62. Kd3 Be3 63. Nd5 g4 64. Nxe3+ dxe3 65. Kxe3 g3 66. Rg7 Kh2 67. Kf3 g2 68. Rxg2+ Kh1 69. Rg8 Kh2 70. Rg7 Kh1 71. Kf2 Kh2 72. Rh7# 1-0

[Event "Titled Tuesday intern op 28th Mar Early"]
[Site "Chess.com INT"]
[Date "2023.03.28"]
[Round "5"]
[White "Devaev, Alexander"]
[Black "Szmyd, Arkadiusz"]
[Result "1-0"]
[WhiteElo "2325"]
[BlackElo "2059"]
[PlyCount "57"]
[EventDate "2023.03.28"]
[EventType "swiss (blitz)"]
[EventRounds "11"]
[EventCountry "USA"]
[SourceTitle "EXT 2024"]
[Source "ChessBase"]
[SourceDate "2023.10.10"]
[SourceVersion "1"]
[SourceVersionDate "2023.10.10"]
[SourceQuality "1"]

1. d4 d5 2. c4 e6 3. Nc3 Nf6 4. Bg5 Be7 5. e3 0-0 6. Nf3 b6 7. a3 Bb7 8. Bxf6 Bxf6 9. cxd5 exd5 10. Qb3 Re8 11. Rd1 a5 12. Bd3 Na6 13. 0-0 c5 14. Qc2 g6 15. dxc5 bxc5 16. Rfe1 Nc7 17. e4 d4 18. Bc4 Ne6 19. Nd5 Bxd5 20. Bxd5 Rb8 21. Bxe6 Rxe6 22. Qxc5 Rxb2 23. e5 Be7 24. Qc1 Qb6 25. Nxd4 Bc5 26. Nxe6 fxe6 27. Kh1 Rxf2 28. Rf1 Re2 29. Qg5 1-0

[Event "Titled Tuesday intern op 28th Mar Early"]
[Site "Chess.com INT"]
[Date "2023.03.28"]
[Round "2"]
[White "Duda, Jan Krzysztof"]
[Black "Szmyd, Arkadiusz"]
[Result "1-0"]
[WhiteElo "2724"]
[BlackElo "2059"]
[PlyCount "149"]
[EventDate "2023.03.28"]
[EventType "swiss (blitz)"]
[EventRounds "11"]
[EventCountry "USA"]
[SourceTitle "EXT 2024"]
[Source "ChessBase"]
[SourceDate "2023.10.10"]
[SourceVersion "1"]
[SourceVersionDate "2023.10.10"]
[SourceQuality "1"]

1. d4 Nf6 2. c4 e6 3. g3 Bb4+ 4. Nd2 0-0 5. Bg2 d5 6. Qc2 c6 7. Ngf3 Nbd7 8. 0-0 Re8 9. e4 dxe4 10. Nxe4 Nxe4 11. Qxe4 Be7 12. Bf4 Bf6 13. Rad1 Qb6 14. b3 Qa6 15. Rd2 Qa3 16. Rfd1 a5 17. Ng5 Bxg5 18. Bxg5 a4 19. Qe3 axb3 20. axb3 h6 21. Bf4 Qe7 22. c5 Nf6 23. Bd6 Qd7 24. b4 Nd5 25. Qb3 b5 26. Qb1 Ra4 27. Rb2 Nc3 28. Qd3 Nxd1 29. Qxd1 Bb7 30. Be4 Rea8 31. Kg2 Ra2 32. Rb1 Bc8 33. Be5 f5 34. Bf3 R8a6 35. h4 Qf7 36. Bh5 Qf8 37. Qc1 Bd7 38. Bd1 R2a3 39. Bb3 Qf7 40. Qe3 Qh5 41. Bf4 Qf7 42. Rc1 Ra1 43. Rc3 R6a3 44. Be5 Rb1 45. Bc2 Rxc3 46. Qxc3 Rc1 47. Qb2 Rxc2 48. Qxc2 Kh7 49. Qa2 Qe8 50. Qa7 Qc8 51. f3 Qe8 52. h5 Qc8 53. Kf2 Qe8 54. Ke3 Qc8 55. Ke2 Qe8 56. Kd3 Qc8 57. Bf4 Qe8 58. Qc7 Qc8 59. Qd6 Qe8 60. Be5 Qf7 61. Ke3 Be8 62. Bf4 Bd7 63. Qe5 Be8 64. g4 fxg4 65. fxg4 Bd7 66. Qe4+ Kh8 67. Kf3 Qe8 68. Kg3 Qf7 69. Qe5 Qe8 70. Bxh6 Qf7 71. Bf4 Kh7 72. Qe4+ Kh8 73. Qd3 e5 74. Bxe5 Qd5 75. Qg6 1-0

[Event "Titled Tuesday intern op 21st Mar Early"]
[Site "Chess.com INT"]
[Date "2023.03.21"]
[Round "6"]
[White "Yelisieiev, Yevhenii"]
[Black "Szmyd, Arkadiusz"]
[Result "0-1"]
[WhiteElo "2404"]
[BlackElo "2059"]
[PlyCount "64"]
[EventDate "2023.03.21"]
[EventType "swiss (blitz)"]
[EventRounds "11"]
[EventCountry "USA"]
[SourceTitle "EXT 2024"]
[Source "ChessBase"]
[SourceDate "2023.10.10"]
[SourceVersion "1"]
[SourceVersionDate "2023.10.10"]
[SourceQuality "1"]

1. d4 Nf6 2. Nf3 d5 3. c4 e6 4. Nc3 Be7 5. Bg5 0-0 6. e3 b6 7. cxd5 exd5 8. Bd3 Bb7 9. Qc2 h6 10. Bh4 c5 11. 0-0 Na6 12. a3 Nc7 13. Rfd1 Ne6 14. dxc5 bxc5 15. Bf5 d4 16. Bxe6 fxe6 17. Ne5 Qc7 18. Ng6 dxc3 19. Bg3 Qb6 20. Nxe7+ Kf7 21. Ng6 cxb2 22. Rab1 Be4 23. Ne5+ Kg8 24. Nd3 Rab8 25. f3 Bxd3 26. Rxd3 Rb7 27. e4 c4+ 28. Bf2 cxd3 29. Qxd3 Qb3 30. Qd4 Rd7 31. Rxb2 Qd1+ 32. Qxd1 Rxd1+ 0-1

[Event "EU-ch Blitz"]
[Site "Katowice"]
[Date "2021.12.17"]
[Round "17"]
[White "Kozak, Antoni"]
[Black "Szmyd, Arkadiusz"]
[Result "1-0"]
[WhiteElo "2356"]
[BlackElo "2085"]
[PlyCount "67"]
[EventDate "2021.12.17"]
[EventType "swiss (blitz)"]
[EventRounds "22"]
[EventCountry "POL"]
[SourceTitle "CBM 205 Extra"]
[Source "ChessBase"]
[SourceDate "2022.01.31"]
[SourceVersion "1"]
[SourceVersionDate "2022.01.31"]
[SourceQuality "1"]

1. d4 Nf6 2. Nf3 d5 3. Bf4 e6 4. e3 c5 5. c3 Bd6 6. Bg3 Nc6 7. Nbd2 0-0 8. Bd3 Qe7 9. Ne5 Bxe5 10. dxe5 Nd7 11. f4 f5 12. Nf3 c4 13. Bc2 Nc5 14. Bh4 Qc7 15. Rg1 Ne4 16. g4 b5 17. gxf5 Rxf5 18. Ng5 Nxg5 19. Bxf5 exf5 20. Bxg5 Be6 21. Bf6 g6 22. Qh5 Qf7 23. Qh6 Rc8 24. h4 Rc7 25. h5 Qf8 26. Qxf8+ Kxf8 27. hxg6 hxg6 28. Rxg6 Rh7 29. 0-0-0 Kf7 30. Rdg1 a5 31. Rg7+ Rxg7 32. Rxg7+ Ke8 33. Rc7 Bd7 34. e6 1-0

[Event "POL-chT 2nd League"]
[Site "Poronin"]
[Date "2020.09.10"]
[Round "6.19"]
[White "Szmyd, Arkadiusz"]
[Black "Wieczorek, Zbigniew"]
[Result "1/2-1/2"]
[WhiteElo "2104"]
[BlackElo "2208"]
[PlyCount "77"]
[EventDate "2020.09.05"]
[EventType "team-swiss"]
[EventRounds "9"]
[EventCountry "POL"]
[SourceTitle "CBM 198 Extra"]
[Source "ChessBase"]
[SourceDate "2020.11.30"]
[SourceVersion "1"]
[SourceVersionDate "2020.11.30"]
[SourceQuality "1"]
[WhiteTeam "Zory Roszada"]
[BlackTeam "Raciborz Silesia"]
[WhiteTeamCountry "POL"]
[BlackTeamCountry "POL"]

1. e4 g6 2. d4 Bg7 3. h4 h5 4. Nf3 d6 5. c4 Bg4 6. Be2 Nc6 7. Be3 e5 8. d5 Bxf3 9. Bxf3 Nd4 10. Nc3 c5 11. dxc6 bxc6 12. g3 Ne7 13. Bg2 Rb8 14. b3 Qa5 15. Rc1 0-0 16. 0-0 f5 17. c5 dxc5 18. Na4 Rbd8 19. Rxc5 Qa6 20. Bxd4 Rxd4 21. Qc2 f4 22. Rc4 Rxc4 23. bxc4 Qa5 24. Rd1 fxg3 25. fxg3 Bh6 26. Qb3 Kh8 27. Bf3 c5 28. Bg2 Nc6 29. Qb5 Be3+ 30. Kh1 Qxb5 31. cxb5 Nd4 32. Nxc5 Nxb5 33. Ne6 Re8 34. Rd3 Rxe6 35. Rxe3 Rc6 36. Rb3 a6 37. Kh2 Rc2 38. a4 Nd4 39. Rb6 1/2-1/2

[Event "POL-chT 2nd League"]
[Site "Poronin"]
[Date "2020.09.07"]
[Round "3.15"]
[White "Szmyd, Arkadiusz"]
[Black "Kudas, Damian"]
[Result "0-1"]
[WhiteElo "2104"]
[BlackElo "2132"]
[PlyCount "76"]
[EventDate "2020.09.05"]
[EventType "team-swiss"]
[EventRounds "9"]
[EventCountry "POL"]
[SourceTitle "CBM 198 Extra"]
[Source "ChessBase"]
[SourceDate "2020.11.30"]
[SourceVersion "1"]
[SourceVersionDate "2020.11.30"]
[SourceQuality "1"]
[WhiteTeam "Zory Roszada"]
[BlackTeam "Myslenice MLKSz"]
[WhiteTeamCountry "POL"]
[BlackTeamCountry "POL"]

1. e4 c5 2. Nf3 d6 3. d4 cxd4 4. Nxd4 Nf6 5. Nc3 Nc6 6. Bg5 e6 7. Qd2 a6 8. 0-0-0 Bd7 9. f4 b5 10. Bxf6 gxf6 11. Kb1 b4 12. Nce2 Qb6 13. Nxc6 Bxc6 14. f5 e5 15. Ng3 h5 16. h4 Qc5 17. Bd3 Bh6 18. Qe2 Qe3 19. Nxh5 Ke7 20. Qf1 Bxe4 21. Bxe4 Qxe4 22. Ng3 Qc6 23. Qe2 Rhg8 24. Rh3 Rac8 25. Ne4 d5 26. Ng3 Rc7 27. Nh5 d4 28. Rg3 Rgc8 29. Rb3 Qxc2+ 30. Qxc2 Rxc2 31. a3 Rc1+ 32. Rxc1 Rxc1+ 33. Ka2 a5 34. axb4 axb4 35. Rd3 Be3 36. Ng3 Kd6 37. Kb3 Kd5 38. Nh5 Ke4 0-1

[Event "EU-ch blitz"]
[Site "Katowice"]
[Date "2017.12.15"]
[Round "9"]
[White "Szmyd, Arkadiusz"]
[Black "Sakalauskas, Vaidas"]
[Result "1/2-1/2"]
[WhiteElo "2101"]
[BlackElo "2351"]
[PlyCount "91"]
[EventDate "2017.12.15"]
[EventType "swiss (blitz)"]
[EventRounds "22"]
[EventCountry "POL"]
[SourceTitle "CBM 182 Extra"]
[Source "ChessBase"]
[SourceDate "2018.02.23"]
[SourceVersion "1"]
[SourceVersionDate "2018.02.23"]
[SourceQuality "1"]

1. e4 c5 2. Nf3 g6 3. c3 Bg7 4. d4 cxd4 5. cxd4 d5 6. e5 Nc6 7. Nc3 f6 8. exf6 exf6 9. Be2 Nge7 10. 0-0 0-0 11. h3 Kh8 12. b3 f5 13. Bb2 f4 14. Rc1 Nf5 15. Na4 Qd6 16. Nc5 b6 17. Na4 Be6 18. Bb5 Rac8 19. Qd2 Nfe7 20. Rfe1 Bf5 21. Ne5 f3 22. g4 Be4 23. Nxc6 Nxc6 24. Bxc6 Rxc6 25. Rxc6 Qxc6 26. Nc3 Re8 27. Nxe4 dxe4 28. d5 Qd7 29. Bxg7+ Qxg7 30. d6 Qe5 31. d7 Rd8 32. Qe3 Rxd7 33. Qxe4 Qxe4 34. Rxe4 Rd1+ 35. Kh2 Rd2 36. Re8+ Kg7 37. Re7+ Kf6 38. Rxa7 Rxf2+ 39. Kg3 Rc2 40. Kxf3 h5 41. gxh5 gxh5 42. Rb7 Rc6 43. Kg3 Kg5 44. Rg7+ Kh6 45. Rb7 Kg5 46. Rg7+ 1/2-1/2

[Event "EU-ch blitz"]
[Site "Katowice"]
[Date "2017.12.15"]
[Round "4"]
[White "Szmyd, Arkadiusz"]
[Black "Zwardon, Vojtech"]
[Result "0-1"]
[WhiteElo "2101"]
[BlackElo "2408"]
[PlyCount "64"]
[EventDate "2017.12.15"]
[EventType "swiss (blitz)"]
[EventRounds "22"]
[EventCountry "POL"]
[SourceTitle "CBM 182 Extra"]
[Source "ChessBase"]
[SourceDate "2018.02.23"]
[SourceVersion "1"]
[SourceVersionDate "2018.02.23"]
[SourceQuality "1"]

1. e4 c5 2. Nf3 Nc6 3. d4 cxd4 4. Nxd4 g6 5. c4 Bg7 6. Nc2 Nf6 7. Nc3 a6 8. Be2 b5 9. cxb5 axb5 10. Bxb5 Nxe4 11. Nxe4 Qa5+ 12. Nc3 Bxc3+ 13. bxc3 Qxb5 14. Qe2 Qa4 15. 0-0 Ba6 16. Qd2 Bxf1 17. Kxf1 Qc4+ 18. Kg1 Rxa2 19. Rxa2 Qxa2 20. h3 0-0 21. Kh2 d5 22. Qd3 Ne5 23. Qe2 f6 24. Bh6 Rc8 25. f4 Rxc3 26. fxe5 Rxc2 27. Qg4 f5 28. Qg5 Qa7 29. h4 Qf2 30. h5 Rc4 31. Kh3 Rg4 32. Qxe7 Qxg2# 0-1